Statistics for Marseille Top 10 Leaders

Click here to take the quiz!

General Stats

  • This quiz has been taken 135 times
    (105 since last reset)
  • The average score is 5 of 20

Answer Stats

GoalsAppsPlayer% Correct
0613Steve Mandanda
91%
78326Dimitri Payet
81%
182275Jean-Pierre Papin
73%
100227Mamadou Niang
55%
194250Gunnar Andersson
49%
38331Mathieu Valbuena
38%
176211Josip Skoblar
35%
28306Benoît Cheyrou
22%
12298Marius Trésor
8%
99149Mario Zatelli
5%
152205Emmanuel Aznar
2%
112236Joseph Yegba Maya
2%
66452Roger Scotti
2%
15343François Bracci
1%
106330Georges Dard
1%
13339Jean Bastien
1%
170181Jean Boyer
1%
0327Jean-Paul Escale
1%
138193Joseph Alcazar
1%
0298Jules Zvunka
1%

Score Distribution

Percentile by Number Answered

Percent of People with Each Score

Your Score History

You have not taken this quiz since the last reset